000 00620nam a2200229Ia 4500
003 BUBTL
008 151213s9999 xx 000 0 und d
020 _a0-324-31946-0
082 _a332.473
_bMAF
100 _aJaffe Madhura
245 _aFinancial markets & institutions
_cJaffe Madhura
250 _a7th
260 _aU.S.A
_bThomson
_c2006
300 _a[xxvi] , 771p . :
_bill , Table , Chart ; 24cm .
_cFinance .
500 _aIncludes Index .
650 _aFinance
650 _aFinance
700 _aJaffe Madhura
856 _k0
_l0
_yDownload
942 _2ddc
_cBK
999 _c2675
_d2675